Reglas para la formación y redacción de los catálogos-diccionarios en las bibliotecas : (Record no. 89685)

MARC details
000 -LEADER
campo de control de longitud fija 00863nam a2200217 i 4500
001 - NÚMERO DE CONTROL
campo de control 89685
003 - IDENTIFICADOR DE NÚMERO DE CONTROL
campo de control ES-MaACL
005 - FECHA Y HORA DE LA ÚLTIMA TRANSACCIÓN
campo de control 20250903075124.0
007 - CAMPO FIJO DE DESCRIPCIÓN FÍSICA--INFORMACIÓN GENERAL
campo de control de longitud fija t|
008 - DATOS DE LONGITUD FIJA--INFORMACIÓN GENERAL
campo de control de longitud fija 050112s1939 sp ||||1| spa d
080 ## - NÚMERO DE LA CLASIFICACIÓN DECIMAL UNIVERSAL
Número de la Clasificación Decimal Universal 025.343.1
100 1# - ENTRADA PRINCIPAL--NOMBRE DE PERSONA
Nombre de persona Lasso de la Vega Jiménez-Placer, Javier,
Fechas asociadas al nombre 1892-1990
9 (RLIN) 70478
245 10 - MENCIÓN DEL TÍTULO
Título Reglas para la formación y redacción de los catálogos-diccionarios en las bibliotecas :
Resto del título seguidas de una lista de encabezamientos de materia y numerosos apéndices /
Mención de responsabilidad, etc. por Javier Lasso de la Vega y Cesáreo Goicoechea.
260 ## - PUBLICACIÓN, DISTRIBUCIÓN, ETC.
Lugar de publicación, distribución, etc. Vitoria :
Nombre del editor, distribuidor, etc. [s.n.],
Fecha de publicación, distribución, etc. 1939 (
Lugar de fabricación/manufactura Santander :
Fabricante Aldus)
300 ## - DESCRIPCIÓN FÍSICA
Extensión 200 p. ;
Dimensiones 22 cm.
650 #7 - PUNTO DE ACCESO ADICIONAL DE MATERIA--TÉRMINO DE MATERIA
Término de materia o nombre geográfico como elemento de entrada Catalogación bibliográfica
Fuente del encabezamiento o término embne
9 (RLIN) 10838
650 #4 - PUNTO DE ACCESO ADICIONAL DE MATERIA--TÉRMINO DE MATERIA
Término de materia o nombre geográfico como elemento de entrada Encabezamientos de materia.
9 (RLIN) 165437
700 1# - ENTRADA AGREGADA--NOMBRE PERSONAL
Nombre de persona Goicoechea, Cesáreo.
9 (RLIN) 57606
852 4# - LOCALIZACIÓN
Ubicación ES-MaACL
Número de control de estantería A-5237
Holdings
Estatus retirado Estado de pérdida Fuente del sistema de clasificación o colocación Estado de daño No para préstamo Colección Biblioteca de origen Biblioteca actual Ubicación en estantería Fecha de adquisición Total de préstamos Signatura topográfica completa Código de barras Visto por última vez Precio de reemplazo Tipo de ítem Koha
    Clasificación decimal universal     Biblioteca profesional Biblioteca del Ateneo de Madrid Biblioteca del Ateneo de Madrid Sala Pecera Planta 1 17/01/2008   A-5237 1093665 23/02/2023 23/02/2023 Libro impreso